| 000 | 01310nam a22003857a 4500 | ||
|---|---|---|---|
| 003 | CHAP | ||
| 005 | 20220329134500.0 | ||
| 008 | 971013s1960 r 00010 d | ||
| 010 | _a21019 | ||
| 011 | _a21991 | ||
| 035 | _a26083 | ||
| 040 | _cCHAP | ||
| 082 |
_a658 _bB6 |
||
| 100 | 0 | 0 |
_aBonneville, Joseph Howard. _913738 |
| 245 | _aOrganización y financiación de empresas | ||
| 260 |
_aBarcelona : _bLabor, _c1960 |
||
| 300 | _a377 p. | ||
| 490 | _aBiblioteca de comercio Labor | ||
| 590 |
_aBATCH-UPD _b10 _c20130110 _lUCH01 _h0013 |
||
| 590 |
_aBATCH-UPD _b10 _c20130110 _lUCH01 _h1146 |
||
| 590 |
_aBATCH-UPD _b10 _c20130410 _lUCH01 _h0732 |
||
| 590 |
_aBATCH-UPD _b10 _c20130913 _lUCH01 _h1941 |
||
| 590 |
_aCONVERSION _b10 _c20130109 _lUCH01 _h1312 |
||
| 650 | 1 | 4 |
_aAdministración de empresas. _9922 |
| 650 | 1 | 4 |
_aIndustria _xAdministración. _957683 |
| 700 | 0 |
_aDewey, Lloyd Ellis. _932339 |
|
| 830 | 0 |
_aBiblioteca de comercio Labor _912293 |
|
| 901 | _aBK | ||
| 942 | _cLIBRO | ||
| 949 |
_a658 B6 _bBC _cBPA _d-153660 _eBPA _fc.5 _i26083 _si |
||
| 949 |
_a658 B6 _bBC _cBPA _d-60264 _eBPA _h25099 _i26083 _si |
||
| 949 |
_a658 B6 _bBC _cBPA _d-60266 _eBPA _fc.2 _h25100 _i26083 _si |
||
| 949 |
_a658 B6 _bBC _cBPA _d-60268 _eBPA _fc.3 _h25101 _i26083 _si |
||
| 949 |
_a658 B6 _bBC _cBPA _d-60269 _eBPA _fc.4 _h25102 _i26083 _si |
||
| 999 |
_c21019 _d21019 |
||